Sports Quiz

Random Sports or NBA Quiz

NBA 1995-1996 Chicago Bulls Team Photo Quiz Stats

Quiz Updated Mar 27, 2017

Challenge
Share
Tweet
Score 0/19 Timer 04:00
0 Plays Today
% Correct
Michael Jordan
99%
Scottie Pippen
96.7%
Dennis Rodman
92.8%
Steve Kerr
83.1%
Toni Kukoc
70.5%
Phil Jackson
68.9%
Luc Longley
62.9%
Ron Harper
61.8%
Bill Wennington
40.3%
John Paxson
29.1%
% Correct
Jud Buechler
23.7%
Randy Brown
20.8%
Tex Winter
19%
Dickey Simpkins
15.7%
Jason Caffey
13.6%
James Edwards
12.7%
Jack Haley
10.8%
Jim Cleamons
5.2%
Jim Rodgers
3.7%

You're not logged in!

Compare scores with friends on all Sporcle quizzes.
Sign Up with Email
OR
Log In

You Might Also Like...

Show Comments

Extras

Top Quizzes Today


Score Distribution

Your Account Isn't Verified!

In order to create a playlist on Sporcle, you need to verify the email address you used during registration. Go to your Sporcle Settings to finish the process.